| 000 | 00384nam a22001337a 4500 | ||
|---|---|---|---|
| 082 |
_a510 _bJAI/K |
||
| 100 | _aJ.K.JAIN, R.S.DHAUNI, B.B.BHATNAGAR | ||
| 245 |
_aKNOW YOUR APTITUDE _bFOR CLASS X |
||
| 260 |
_aDELHI _bGOYAL BROTHERS PRAKASHAN _c2010 |
||
| 300 | _a144 | ||
| 520 | _aGENERAL APTITUDE TEST, SCHOLASTIC APTITUDE TEST | ||
| 650 |
_aAPTITUDE TEST FOR CLASS X _zINDIA |
||
| 942 | _cBK | ||
| 999 |
_c748 _d748 |
||